00549 a2200217 4500260001000000630002500010037001300035650002800048100001900076260002200095245007800117300001100195650001900206650002500225260000900250300000900259100000700268037001100275250002700286020001800313 aParis a657 - Comptabilité b1, Achat a6 - SCIENCES APPLIQUEES aRaimbault, Guy bEditions Eyrolles aComptabilité analytique et gestion prévisionnelle : outils de gestion a179 p. aComptabilité aAnalyse financière c1992 b24cm lFr aS 4916 a2e éd. mise à jour a2-212-03824-0